| 000 | 00785nam a2200181Ia 4500 | ||
|---|---|---|---|
| 003 | GCL | ||
| 008 | 140319s9999 xx 000 0 ara d | ||
| 040 |
_aGCL / _cGCL |
||
| 082 | 0 | 4 |
_a243 _bش ا |
| 100 | 1 | _aابن قيم الجوزية: شمس الدين ابو عبدالله محمد بن ابى بكر | |
| 245 | 1 | 0 |
_aالروح لابن القيم والكلام على ارواح الاموات والاحياء بالدلائل من الكتاب والسنةو الاثار و اقوال العلماء / _cابن قيم الجوزية: شمس الدين ابو عبدالله محمد بن ابى بكر |
| 260 |
_a[S.N] : _bالحلبى ، _c1994 |
||
| 300 | _a308 ص | ||
| 490 | _a | ||
| 650 | 0 | 4 | _aالروح |
| 650 | 0 | 4 | _aالحياة الروحية |
| 942 |
_2ddc _cBK |
||
| 999 |
_c52143 _d52143 |
||